JFK Airport Direct Flights - Statistics

General Stats
  • This quiz has been taken 156 times
    137 since last reset
  • The average score is 130 of 189
Answers on the Map
Answers color-coded by a green-red scale on the quiz's map according to % correct below.
 
Answer Stats
Answer % Correct
Berlin
94%
San Diego
94%
Barcelona
92%
Boston
92%
Dublin
92%
Los Angeles
92%
Madrid
92%
Miami
92%
Baltimore/Washington D.C.
91%
London Heathrow
91%
Chicago
90%
Fiumicino/Rome
90%
Paris
90%
Athens
89%
Beijing
89%
Dallas/Fort Worth
89%
Houston
89%
Mexico City
89%
Seattle/Tacoma
89%
Toronto
89%
Cairo
88%
Dulles/Washington D.C.
88%
Lisbon
88%
London Gatwick
88%
Manchester
88%
Milan
88%
Minneapolis/St. Paul
88%
Narita/Tokyo
88%
Schiphol/Amsterdam
88%
Tokyo Haneda
88%
Vancouver
88%
Atlanta
87%
Copenhagen
87%
Dubai
87%
Istanbul
87%
Rio de Janeiro
87%
San Francisco
87%
Stockholm/Arlanda
87%
Tel Aviv/Jerusalem
87%
Auckland
86%
Brussels
86%
Gardermoen/Oslo
86%
Incheon/Seoul
86%
San Jose
86%
Singapore
86%
Bogotá
85%
Delhi
85%
Detroit
85%
Ezeiza/Buenos Aires
85%
Munich
85%
Nassau
85%
Nice
85%
Prague
85%
Vantaa/Helsinki
85%
Vienna
85%
Zürich
85%
Edinburgh
84%
Guarulhos/São Paulo
84%
Guatemala City
84%
Hong Kong
84%
Los Cabos
84%
Manila
84%
Orlando
84%
Quito
84%
San José
84%
Shanghai
84%
Taoyuan/Taipei
84%
Warsaw
84%
Washington D.C. Reagan
84%
Abu Dhabi
82%
Frankfurt
82%
Guangzhou
82%
Lima
82%
Portland OR
82%
Tampa
82%
Denver
81%
Doha
81%
Keflavík/Reykjavík
81%
Las Vegas
81%
Mumbai
81%
Nairobi
81%
Riyadh
81%
New Orleans
80%
Porto
80%
Santiago
80%
Venice
80%
Montréal/Dorval
79%
Casablanca
78%
Kuwait City
78%
Amman
77%
Calgary
77%
Cancún
77%
Phoenix
77%
San Antonio
77%
San Salvador
77%
Accra
76%
Belgrade
76%
Charlotte
75%
Portland ME
75%
Geneva
74%
Austin
73%
Panama City
73%
San Juan
73%
Kingston
72%
Dakar
71%
Buffalo
70%
Düsseldorf
70%
Honolulu
70%
Santiago de los Caballeros
70%
Fort Lauderdale/Hollywood
69%
Salt Lake City
69%
Jeddah
68%
Sacramento
68%
Cleveland
67%
Milwaukee
67%
Raleigh/Durham
67%
Jacksonville
66%
Timehri/Georgetown
66%
Aruba
65%
Bermuda
65%
Indianapolis
65%
Santo Domingo
65%
Cincinnati/Northern Kentucky
64%
Kansas City
63%
Medellín
63%
Nashville
63%
Tashkent
63%
Port-au-Prince
62%
Belize City
61%
Pittsburgh
61%
Albuquerque
60%
Abidjan
59%
Savannah/Hilton Head
59%
Cali
58%
Columbus
58%
Curaçao
58%
Richmond
58%
Montego Bay
57%
Monterrey
57%
Reno
57%
Antigua
56%
Burbank/Hollywood
55%
Guadalajara
55%
Shannon
54%
Argyle
53%
Norfolk
53%
Syracuse
53%
Charleston
52%
Rochester
52%
Bridgetown
49%
Fort Myers
49%
Palm Beach
49%
Piarco/Port of Spain
49%
St. Kitts
49%
Funchal
47%
Punta Cana
47%
St. George's
47%
Cartagena
46%
Grand Cayman
46%
Guayaquil
45%
Martha's Vineyard
44%
Bangor
42%
Sint Maarten
42%
St. Lucia
42%
Liberia
41%
Puerto Vallarta
40%
Nantucket
39%
Bozeman
38%
Orange County
38%
Palm Springs
38%
Tobago
37%
Sarasota/Bradenton
35%
Burlington
34%
Ontario CA
34%
San Pedro Sula
34%
Barnstable
32%
St. Thomas
31%
Providenciales
30%
Vail
30%
Ithaca
29%
Terceira
29%
Aguadilla
26%
Worcester
25%
Ponce
22%
Puerto Plata
22%
Pointe-à-Pitre
21%
Pereira
15%
Saranac Lake
10%
Fuerteventura
6%
No matching quizzes found
Score Distribution
Percent of People with Each Score
Percentile by Number Answered
Your Score History
You have not taken this quiz since the last reset